000 00937nam a22002897a 4500
001 BR6001950
003 BR-BrBNA
005 20230928095625.0
007 ta
008 230509b bl.||||| |||| 00| 0 por d
040 _aBR-BrBNA
_bpor
_cBiblioteca Nacional de Agricultura
041 _a(Por)
072 _aE10; E30
090 _ E10 BR6001950
100 1 _aBeek, K.J.
100 1 _aGoedert, W.J.
110 1 _aFAO, Brasilia, DF (Brasil)
_94523
245 1 _aRecursos naturais (terras)e desenvolvimento agricola. Anexo 1. Um marco de referencia regional. Anexo 2. Reservas de terras nos estabelecimentos agropecuarios existentes. Documento de Trabalho. Projeto PNUD/FAO/BRA/71/553
260 3 _aBrasilia, DF (Brasil):
_c1973.
300 _a130 p.
650 _aDesenvolvimento Agricola
650 _aRecurso Natural
650 _aTerra
650 _aUso da Terra
909 _a202309
_bLucia
_c55
_dLucia Elande
942 _cBK
999 _c57697
_d57697